<?xml version="1.0" encoding="UTF-8"?>
<record
    xmlns:xsi="http://www.w3.org/2001/XMLSchema-instance"
    xsi:schemaLocation="http://www.loc.gov/MARC21/slim http://www.loc.gov/standards/marcxml/schema/MARC21slim.xsd"
    xmlns="http://www.loc.gov/MARC21/slim">

  <leader>00602nam a22001217a 4500</leader>
  <datafield tag="040" ind1=" " ind2=" ">
    <subfield code="c">RUA</subfield>
  </datafield>
  <datafield tag="082" ind1=" " ind2=" ">
    <subfield code="a">VEM CHH 2025 B705 Or.</subfield>
  </datafield>
  <datafield tag="100" ind1=" " ind2=" ">
    <subfield code="a">CHHOEURN RATH,&#x1788;&#x17BF;&#x1793; &#x179A;&#x17D0;&#x178F;&#x17D2;&#x1793;</subfield>
  </datafield>
  <datafield tag="245" ind1=" " ind2=" ">
    <subfield code="a">Pathological Lesion Of Lung In Pig With Enzootic Pneumonia At Slaughterhouse in Kampot Province, &#x1794;&#x1798;&#x17D2;&#x179A;&#x17C2;&#x1794;&#x1798;&#x17D2;&#x179A;&#x17BD;&#x179B;&#x179F;&#x17D2;&#x179B;&#x17B6;&#x1780;&#x179F;&#x17D2;&#x1793;&#x17B6;&#x1798;&#x179F;&#x17BD;&#x178F;&#x1787;&#x17D2;&#x179A;&#x17BC;&#x1780;&#x178A;&#x17C2;&#x179B;&#x1798;&#x17B6;&#x1793;&#x1787;&#x17C6;&#x1784;&#x17BA; Enzootic Pneumonia &#x1793;&#x17C5;&#x179F;&#x178F;&#x17D2;&#x178F;&#x1783;&#x17B6;&#x178F;&#x178A;&#x17D2;&#x178B;&#x17B6;&#x1793;&#x1781;&#x17C1;&#x178F;&#x17D2;&#x178F;&#x1780;&#x17C6;&#x1796;&#x178F;</subfield>
  </datafield>
  <datafield tag="260" ind1=" " ind2=" ">
    <subfield code="a">PHNOM PENH</subfield>
    <subfield code="b">RUA</subfield>
    <subfield code="c">2025</subfield>
  </datafield>
  <datafield tag="300" ind1=" " ind2=" ">
    <subfield code="a">ix,35p.</subfield>
    <subfield code="b">ill.</subfield>
    <subfield code="c">29cm.</subfield>
  </datafield>
  <datafield tag="942" ind1=" " ind2=" ">
    <subfield code="c">&#x179F;&#x17B6;&#x179A;&#x178E;&#x17B6;&#x1794;&#x1791;</subfield>
  </datafield>
  <datafield tag="999" ind1=" " ind2=" ">
    <subfield code="c">25542</subfield>
    <subfield code="d">25542</subfield>
  </datafield>
  <datafield tag="952" ind1=" " ind2=" ">
    <subfield code="0">0</subfield>
    <subfield code="1">0</subfield>
    <subfield code="4">0</subfield>
    <subfield code="6">VEM_CHH_2025_000000000000000_B705_OR_1</subfield>
    <subfield code="7">0</subfield>
    <subfield code="9">105938</subfield>
    <subfield code="a">LBB</subfield>
    <subfield code="b">LBB</subfield>
    <subfield code="c">B705</subfield>
    <subfield code="d">2026-03-10</subfield>
    <subfield code="o">VEM CHH 2025 B705 Or.1</subfield>
    <subfield code="p">C034499</subfield>
    <subfield code="r">2026-03-10</subfield>
    <subfield code="y">&#x179F;&#x17B6;&#x179A;&#x178E;&#x17B6;&#x1794;&#x1791;</subfield>
  </datafield>
  <datafield tag="952" ind1=" " ind2=" ">
    <subfield code="0">0</subfield>
    <subfield code="1">0</subfield>
    <subfield code="4">0</subfield>
    <subfield code="6">VEM_CHH_2025_000000000000000_B705_OR_2</subfield>
    <subfield code="7">0</subfield>
    <subfield code="9">105939</subfield>
    <subfield code="a">LBB</subfield>
    <subfield code="b">LBB</subfield>
    <subfield code="c">B705</subfield>
    <subfield code="d">2026-03-10</subfield>
    <subfield code="o">VEM CHH 2025 B705 Or.2</subfield>
    <subfield code="p">C034534</subfield>
    <subfield code="r">2026-03-10</subfield>
    <subfield code="y">&#x179F;&#x17B6;&#x179A;&#x178E;&#x17B6;&#x1794;&#x1791;</subfield>
  </datafield>
</record>
